Cultural theory : (Record no. 2762)
[ view plain ]
| 000 -LEADER | |
|---|---|
| fixed length control field | 00886nac a22002291u 4500 |
| 010 ## - LIBRARY OF CONGRESS CONTROL NUMBER | |
| LC control number | 012969351 |
| 020 ## - INTERNATIONAL STANDARD BOOK NUMBER | |
| International Standard Book Number | 0415284260 (pbk.) |
| 028 ## - PUBLISHER NUMBER | |
| Source | www.bl.uk |
| 082 ## - DEWEY DECIMAL CLASSIFICATION NUMBER | |
| Classification number | 306 |
| Item number | Ed33 |
| 090 ## - LOCALLY ASSIGNED LC-TYPE CALL NUMBER (OCLC); LOCAL CALL NUMBER (OCLC) | |
| -- | 2762 |
| -- | 2762 |
| 100 ## - MAIN ENTRY--PERSONAL NAME | |
| Personal name | Edgar, Andrew. |
| 245 ## - TITLE STATEMENT | |
| Title | Cultural theory : |
| Remainder of title | the key concepts/ |
| Statement of responsibility, etc | edited by Andrew Edgar and Peter Sedgwick. |
| 260 ## - PUBLICATION, DISTRIBUTION, ETC. (IMPRINT) | |
| Place of publication, distribution, etc | London : 2002 (2004 [printing]) |
| Name of publisher, distributor, etc | Routledge ,2004 |
| Date of publication, distribution, etc | 2002 (2004 [printing]) |
| 300 ## - PHYSICAL DESCRIPTION | |
| Extent | xvii, |
| Other physical details | 506 p. ; |
| Dimensions | 22 cm. |
| 490 ## - Series Statement | |
| Series statement | ( Routledge key guides) |
| 500 ## - GENERAL NOTE | |
| General note | Originally published as: Key concepts in cultural theory. 1999 |
| 504 ## - BIBLIOGRAPHY, ETC. NOTE | |
| Bibliography, etc | Includes bibliographical references and index. |
| 600 ## - SUBJECT ADDED ENTRY--PERSONAL NAME | |
| Personal name | sedgwick,peter. |
| 650 ## - SUBJECT ADDED ENTRY--TOPICAL TERM | |
| Topical term or geographic name as entry element | Culture -- Terminology -- Dictionaries. |
| 942 ## - ADDED ENTRY ELEMENTS (KOHA) | |
| Item type | Book - Borrowing |
| Call number prefix | 306 Ed33 |
| Withdrawn status | Item status | Damaged status | Not for loan | Home library | Current library | Shelving location | Date acquired | Source of acquisition | Total Checkouts | Total Renewals | Full call number | Barcode | Date last seen | Date last borrowed | Koha item type |
|---|---|---|---|---|---|---|---|---|---|---|---|---|---|---|---|
| Central Library | Central Library | First floor | 10/04/2007 | Purchase | 11 | 68 | 306 EDG | 000001526 | 17/11/2025 | 12/10/2025 | Book - Borrowing |